000 01008nam0a22002531 4500
001 rc\2942660
005 20110825205013.1
035 _a(NLR Aleph) 007091352
090 _a6577355
_c6577355
100 _a20110825d1938 |||y0rusy50 ca
101 1 _arus
_ceng
102 _aRU
105 _aa z |||||
200 1 _aВальцевый станок в мукомольном производстве
_fДж. Р. Бэрч
_gСокр. пер. с англ. Р.О. Гольдберг
_gПод ред. проф. Я. Куприца
_gВсес. науч.-иссл. ин-т зерна и продуктов его переработки (ВНИИЗ)
210 _aМосква
_cЗаготиздат
_d1938
_gтип. "Крестьян. газ."
215 _a60 с.
_cил.
_d22 см
700 1 _aБерч
_bДж. Р.
702 1 _aГольдберг
_bР. О.
_4730
702 1 _aКуприц
_bЯ.
_4340
801 0 _aRU
_bNLR
_gpsbo
801 1 _aRU
_bELAR
_2rusmarc
852 _aNLR
_j38-11/892
942 _cBOOK
980 _aNB